New York Jets: Most Passing TDs Each Year - Statistics

General Stats
  • This quiz has been taken 1,486 times
    180 since last reset
  • The average score is 36 of 65
Answer Stats
Year Player TDs % Correct
2024 Aaron Rodgers 28
96%
1965 Joe Namath 18
93%
1966 Joe Namath 19
93%
1967 Joe Namath 26
93%
1968 Joe Namath 15
93%
1969 Joe Namath 19
93%
1972 Joe Namath 19
93%
1974 Joe Namath 20
93%
1975 Joe Namath 15
93%
1976 Joe Namath 4
93%
2021 Zach Wilson 9
89%
2022 Zach Wilson 6
89%
2023 Zach Wilson 8
89%
2009 Mark Sanchez 12
86%
2010 Mark Sanchez 17
86%
2011 Mark Sanchez 26
86%
2012 Mark Sanchez 13
86%
2018 Sam Darnold 17
84%
2019 Sam Darnold 19
84%
2020 Sam Darnold 9
84%
2015 Ryan Fitzpatrick 31
77%
2016 Ryan Fitzpatrick 12
77%
2013 Geno Smith 12
75%
2014 Geno Smith 13
75%
2002 Chad Pennington 22
68%
2003 Chad Pennington 13
68%
2004 Chad Pennington 16
68%
2006 Chad Pennington 17
68%
2007 Chad Pennington 10
68%
1998 Vinny Testaverde 29
67%
2000 Vinny Testaverde 21
67%
2001 Vinny Testaverde 15
67%
2008 Brett Favre 22
59%
1985 Ken O'Brien 25
51%
1986 Ken O'Brien 25
51%
1987 Ken O'Brien 13
51%
1988 Ken O'Brien 15
51%
1989 Ken O'Brien 12
51%
1990 Ken O'Brien 13
51%
1991 Ken O'Brien 10
51%
2017 Josh McCown 18
46%
1993 Boomer Esiason 16
39%
1994 Boomer Esiason 17
39%
1995 Boomer Esiason 16
39%
1977 Richard Todd 11
33%
1979 Richard Todd 16
33%
1980 Richard Todd 17
33%
1981 Richard Todd 25
33%
1982 Richard Todd 14
33%
1983 Richard Todd 18
33%
1997 Neil O'Donnell 17
19%
1984 Pat Ryan 14
17%
1962 Johnny Green 10
15%
1999 Ray Lucas 14
12%
1971 Bob Davis 10
11%
1963 Dick Wood 18
11%
1964 Dick Wood 17
11%
2005 Brooks Bollinger 7
10%
1992 Browning Nagle 7
9%
1960 Al Dorow 26
8%
1961 Al Dorow 19
8%
1970 Al Woodall 9
8%
1973 Al Woodall 9
8%
1996 Frank Reich 15
8%
1978 Matt Robinson 13
8%
No matching quizzes found
Score Distribution
Percent of People with Each Score
Percentile by Number Answered
Your Score History
You have not taken this quiz since the last reset